000 00288nam a2200121Ia 4500
008 190216s9999||||xx |||||||||||||| ||und||
100 _aAbraham S And Jacob N J
245 0 _aCbse Mathematics
260 _bVidyarthimithram
_c1995
300 _a410p
650 _aMathematics
942 _cBK
999 _c31194
_d31194